000 01926nam a2200577 i 4500
001 42572
003 KOSZ 005
005 20201214102411.0
008 990409s1999 pl a f f |000 0 pol
015 _aUWD 1999/4844
020 _a8390702045
035 _a991009891579705066
035 _a(PL-WaBN)b12669441-48omnis_nlop
035 _ab12669441
035 _a(OCoLC)69527777
035 _a(PL)b0000001266944
035 _a(EXLNZ-48OMNIS_NETWORK)9910176021605606
040 _aWA N
_cWA N
_dKOSZ 005/HR
041 1 _apol
_hger
046 _k1992
080 _a628.1/.3
080 _a579.68
080 _a606
080 _a(075.8)
100 1 _aHartmann, Ludwig
_d(1929- )
_eAutor
245 1 0 _aBiologiczne oczyszczanie ścieków /
_cLudwig Hartmann ; z niem. tł. Jan Tabernacki, Agnieszka Tabernacka.
246 1 _iTyt. oryg.:
_aBiologische Abwasserreinigung,
_f1992
250 _aWyd. 2 popr.
260 _aWarszawa :
_b"Instalator Polski",
_ccop. 1999.
300 _a271, [1] s. :
_brys., wykr. ;
_c24 cm.
336 _aTekst
_btxt
_2rdacontent
337 _aBez urządzenia pośredniczącego
_bn
_2rdamedia
338 _aWolumin
_bnc
_2rdacarrier
380 _aKsiążki
380 _aPublikacje dydaktyczne
385 _mPoziom nauczania
_aSzkoły wyższe
388 _a1901-2000
388 _a1989-2000
504 _aBibliogr. s. 265-268.
650 7 _aBiotechnologia
_2DBN
650 7 _aBiologiczna oczyszczalnia ścieków
_2DBN
650 7 _aUzdatnianie wody
_2DBN
655 7 _aPodręczniki akademickie
_2DBN
658 _aInżynieria i technika
658 _aOchrona środowiska
700 1 _aTabernacka, Agnieszka
_eTłumaczenie
700 1 _aTabernacki, Jan
_eTłumaczenie
856 _uhttp://koha.tu.koszalin.pl/cgi-bin/koha/opac-detail.pl?biblionumber=42572
_yKatalog online BPK
942 _2UKD
_cKS
999 _c42572
_d42572